000 00891nam a22003017a 4500
001 BR9400930
003 BR-BrBNA
005 20230928093905.0
007 ta
008 230509b bl.||||| |||| 00| 0 por d
040 _aBR-BrBNA
_bpor
_cBiblioteca Nacional de Agricultura
041 _a(Por)
072 _aF01; E70
_b1740
_b3520
_b3575
090 _ 1740 BR9400930
110 1 _aEmpresa de Assistencia Tecnica e Extensao Rural, Porto Alegre, RS (Brasil)
_94065
245 1 _aVersao preliminar de um programa estadual de producao e comercializacao de bulbos e sementes de cebola
260 3 _aPorto Alegre, RS (Brasil):
_c1990.
300 _a68 p.
500 _a12 ref.
650 _aBulbo
650 _aCebola
650 _aSemente
650 _aPratica Cultural
650 _aVariedade
650 _aComercializacao
909 _a202309
_bLucia
_c55
_dLucia Elande
942 _cBK
999 _c47729
_d47729